[Event "World Blitz 2025"]
[Site "Doha QAT"]
[Date "2025.12.29"]
[Round "1.23"]
[White "Zverev, Lev"]
[Black "Le, Quang Liem"]
[Result "1/2-1/2"]
[WhiteTitle "IM"]
[BlackTitle "GM"]
[WhiteElo "2453"]
[BlackElo "2731"]
[WhiteFideId "24250775"]
[BlackFideId "12401137"]
[EventDate "2025.12.29"]

1. e4 e5 2. Nf3 Nc6 3. Bc4 Bc5 4. d3 Nf6 5. O-O d6 6. c3 O-O 7. h3 Bb6 8. Re1
Ne7 9. Nbd2 Ng6 10. Nf1 c6 11. Bb3 d5 12. exd5 Nxd5 13. d4 exd4 14. Nxd4 Be6 15.
Ng3 Qc7 16. Ne4 Rae8 17. Bd2 Bd7 18. Qf3 Re5 19. Bc2 h6 20. Qg3 Rfe8 21. Kh1 c5
22. Nf3 R5e6 23. Qxc7 Nxc7 24. Ng3 Bc6 25. Rxe6 Nxe6 26. Bxg6 Bxf3 27. Bxf7+
Kxf7 28. gxf3 Rd8 29. Ne4 c4 30. Kg2 Rd3 31. Re1 Bc7 32. Be3 b5 33. b3 Be5 34.
bxc4 bxc4 35. Rb1 Bxc3 36. Rc1 Bd4 37. Nd6+ Kf6 38. Nxc4 g5 39. Rb1 Rc3 40. Rc1
Rxc1 41. Bxc1 a6 42. Kf1 Kg6 43. Kg2 Kf5 44. Nd6+ Kf6 45. Ne4+ Kf5 46. Nd6+ Kf6
47. Be3 Be5 48. Ne4+ Kf5 49. Nc5 Nxc5 50. Bxc5 Kg6 51. Be3 Kh5 52. Bd2 Bd6 53.
Be3 Be5 54. Bd2 Bd6 55. Be3 Bf4 56. Bc5 Be5 57. Be3 Bf4 1/2-1/2

[Event "World Blitz 2025"]
[Site "Doha QAT"]
[Date "2025.12.29"]
[Round "1.24"]
[White "Maghsoodloo, Parham"]
[Black "Drygalov, Sergey"]
[Result "0-1"]
[WhiteTitle "GM"]
[BlackTitle "GM"]
[WhiteElo "2708"]
[BlackElo "2571"]
[WhiteFideId "12539929"]
[BlackFideId "24171743"]
[EventDate "2025.12.29"]

1. c4 e6 2. Nf3 d5 3. b3 Nf6 4. Bb2 Bd6 5. g3 O-O 6. Bg2 Nbd7 7. O-O c6 8. Nc3
a6 9. d4 b5 10. Qc2 Re8 11. e4 b4 12. e5 bxc3 13. Bxc3 Be7 14. exf6 Bxf6 15.
Rad1 a5 16. Rfe1 Ba6 17. c5 Qc7 18. Qd2 Bb7 19. h4 a4 20. b4 Ba6 21. a3 h6 22.
Re3 Rad8 23. Rde1 Bb5 24. Nh2 Be7 25. Ng4 Bf8 26. Qd1 Qc8 27. Bd2 Be7 28. Rc3 f5
29. Nh2 Bf6 30. Nf3 e5 31. dxe5 Nxe5 32. Nxe5 Bxe5 33. Rce3 Bd4 34. Rxe8+ Rxe8
35. Rxe8+ Qxe8 36. Bxh6 Bxf2+ 37. Kxf2 gxh6 38. Qd4 Qe2+ 39. Kg1 Kf7 40. Qf4 Qg4
41. Qxg4 fxg4 42. Kf2 Kf6 43. Bf1 Bxf1 44. Kxf1 Ke5 45. Ke2 Kd4 46. Kd2 Kc4 47.
Kc2 Kd4 48. Kd2 Kc4 49. Ke2 Kd4 50. Kd2 Kc4 51. Ke2 Kd4 52. Kd1 Kc4 53. Kc2 Kd4
54. Kc1 Kc4 55. Kd2 Kd4 56. h5 Kc4 57. Ke3 0-1

[Event "World Blitz 2025"]
[Site "Doha QAT"]
[Date "2025.12.29"]
[Round "1.25"]
[White "Sapenov, Daniyal"]
[Black "Nihal, Sarin"]
[Result "1-0"]
[WhiteTitle "IM"]
[BlackTitle "GM"]
[WhiteElo "2440"]
[BlackElo "2701"]
[WhiteFideId "13728911"]
[BlackFideId "25092340"]
[EventDate "2025.12.29"]

1. e4 a6 2. d4 c6 3. Nc3 d5 4. h3 dxe4 5. Nxe4 Nf6 6. Nxf6+ exf6 7. c3 Bd6 8.
Bd3 O-O 9. Qc2 g6 10. Ne2 Re8 11. O-O f5 12. Re1 Nd7 13. Bh6 c5 14. Rad1 b5 15.
Qd2 c4 16. Bc2 Bb7 17. Ng3 Bxg3 18. fxg3 Qf6 19. Bg5 Qd6 20. Bf4 Qd5 21. Qf2 h5
22. Rd2 Rxe1+ 23. Qxe1 Nf6 24. Re2 Ne4 25. g4 hxg4 26. hxg4 Re8 27. Be5 f6 28.
gxf5 gxf5 29. Bxf6 Nxf6 30. Rxe8+ Nxe8 31. Qxe8+ Kg7 32. Qe5+ Qxe5 33. dxe5 f4
34. Kf2 Kf7 35. g3 fxg3+ 36. Kxg3 Ke7 37. Kf4 a5 38. a3 Bc8 39. Ke3 Bd7 40. Kd4
Ke6 41. Bd1 Be8 42. Bg4+ Ke7 43. Kc5 a4 44. Bf3 Ke6 45. Bc6 Bg6 46. Bxb5 Kxe5
47. Bxa4 1-0

[Event "World Blitz 2025"]
[Site "Doha QAT"]
[Date "2025.12.29"]
[Round "1.26"]
[White "Martirosyan, Haik M."]
[Black "Movahed, Sina"]
[Result "1-0"]
[WhiteTitle "GM"]
[BlackTitle "GM"]
[WhiteElo "2625"]
[BlackElo "2596"]
[WhiteFideId "13306553"]
[BlackFideId "42520835"]
[EventDate "2025.12.29"]

1. d4 Nf6 2. Bg5 Ne4 3. h4 d5 4. Nd2 h6 5. Bf4 Bf5 6. e3 e6 7. f3 Nxd2 8. Qxd2
Be7 9. h5 c5 10. c3 Nc6 11. g4 Bh4+ 12. Kd1 Bh7 13. Bd3 Bxd3 14. Qxd3 Be7 15.
Qb5 Qd7 16. Ne2 c4 17. Qa4 a6 18. Ke1 b5 19. Qc2 Bd6 20. Bxd6 Qxd6 21. Kf2 b4
22. Rag1 Qe7 23. e4 dxe4 24. Qxe4 Rc8 25. Nf4 Qg5 26. d5 Ne5 27. dxe6 O-O 28.
Re1 Nxg4+ 29. fxg4 f5 30. Qe5 fxg4 31. Kg3 Rf5 32. Qe4 bxc3 33. bxc3 Re8 34. Re3
Rf6 35. Rhe1 a5 36. a4 Rf5 37. Qxc4 Kh8 38. e7 Kh7 39. Qe4 Kh8 40. Rf1 Kg8 41.
Qe6+ Kh7 42. Qg6+ Qxg6 43. hxg6+ Kg8 44. Rd1 1-0

[Event "World Blitz 2025"]
[Site "Doha QAT"]
[Date "2025.12.29"]
[Round "1.27"]
[White "Karthik, Venkataraman"]
[Black "Indjic, Aleksandar"]
[Result "0-1"]
[WhiteTitle "GM"]
[BlackTitle "GM"]
[WhiteElo "2589"]
[BlackElo "2635"]
[WhiteFideId "25006479"]
[BlackFideId "911925"]
[EventDate "2025.12.29"]

1. e4 e5 2. Nf3 Nf6 3. Nc3 d6 4. d4 Nbd7 5. Be2 g6 6. O-O Bg7 7. Re1 O-O 8. Bf1
Re8 9. a4 c6 10. a5 Qc7 11. dxe5 dxe5 12. b3 Nc5 13. Nd2 Bg4 14. f3 Be6 15. Qe2
b5 16. axb6 axb6 17. Bb2 b5 18. Qe3 Bf8 19. Ne2 Ncd7 20. Kh1 h5 21. h3 Kh7 22.
f4 Bh6 23. g3 h4 24. gxh4 exf4 25. Qc3 c5 26. Bg2 b4 27. Qf3 Rxa1 28. Rxa1 Ne5
29. Qf2 Nh5 30. Nf3 Nxf3 31. Qxf3 Rd8 32. Rf1 Rd2 33. Kg1 Rxc2 34. Bc1 Rxe2 35.
Qxe2 Ng3 36. Qd3 c4 37. bxc4 Bxc4 38. Qc2 b3 39. Qb2 Nxf1 40. Bxf1 Qc5+ 41. Kg2
f3+ 42. Kxf3 Bxc1 43. Qxc1 Be2+ 0-1

[Event "World Blitz 2025"]
[Site "Doha QAT"]
[Date "2025.12.29"]
[Round "1.28"]
[White "Grischuk, Alexander"]
[Black "Dudin, Gleb"]
[Result "1-0"]
[WhiteTitle "GM"]
[BlackTitle "GM"]
[WhiteElo "2654"]
[BlackElo "2585"]
[WhiteFideId "4126025"]
[BlackFideId "34184934"]
[EventDate "2025.12.29"]

1. e4 c5 2. Nf3 d6 3. Bc4 Nf6 4. d3 Nc6 5. O-O g6 6. a4 Bg7 7. c3 O-O 8. Re1 h6
9. Nbd2 e5 10. h3 a6 11. Nf1 Rb8 12. Ng3 b5 13. axb5 axb5 14. Ba2 Kh7 15. Be3
Ra8 16. Qd2 Be6 17. Bxe6 fxe6 18. d4 exd4 19. cxd4 Rxa1 20. Rxa1 c4 21. d5 exd5
22. exd5 Ne7 23. Nd4 Qc8 24. Ne6 Rf7 25. Nxg7 Rxg7 26. Bxh6 Rf7 27. Bf4 Qd7 28.
Ra6 Nexd5 29. Bxd6 Nc7 30. Ra7 Nfe8 31. Ne4 Kg8 32. f3 Qc6 33. Be5 Qb6+ 34. Bd4
Qc6 35. Kh1 Nd6 36. Nf6+ Kf8 37. Qh6+ Ke7 38. Qe3+ Kf8 39. Qh6+ Ke7 40. Rxc7+ 1-0

[Event "World Blitz 2025"]
[Site "Doha QAT"]
[Date "2025.12.29"]
[Round "1.29"]
[White "Tsaruk, Maksim"]
[Black "Esipenko, Andrey"]
[Result "1/2-1/2"]
[WhiteTitle "GM"]
[BlackTitle "GM"]
[WhiteElo "2515"]
[BlackElo "2698"]
[WhiteFideId "13511173"]
[BlackFideId "24175439"]
[EventDate "2025.12.29"]

1. e4 e5 2. Nf3 Nc6 3. Bb5 a6 4. Ba4 Nf6 5. O-O Be7 6. Re1 b5 7. Bb3 d6 8. c3
O-O 9. h3 Nb8 10. d4 Nbd7 11. Nbd2 Bb7 12. Bc2 Re8 13. Nf1 Bf8 14. Ng3 g6 15.
Bg5 h6 16. Bd2 Bg7 17. a4 c5 18. d5 c4 19. Be3 Qc7 20. Qd2 Kh7 21. Ra3 Nc5 22.
Rea1 Rab8 23. Qe2 Bc8 24. Nd2 Bd7 25. axb5 axb5 26. Ra7 Rb7 27. Bxc5 dxc5 28.
R7a6 Rf8 29. d6 Qb8 30. Nf3 Re8 31. Qe3 Re6 32. Qxc5 Bf8 33. Rd1 Ne8 34. Nxe5
Bxd6 35. Raxd6 Rxd6 36. Re1 Be6 37. Nf3 Qc7 38. Qe3 Qd8 39. e5 Rdd7 40. h4 Ng7
41. h5 Qb6 42. hxg6+ fxg6 43. Qe4 Nf5 44. Qf4 Rf7 45. Nxf5 Bxf5 46. Bxf5 Rxf5
47. Qe4 Re7 48. Re3 Qc5 49. e6 Rf6 50. Nd4 b4 51. Qh4 Qg5 52. Qxg5 hxg5 53. cxb4
Kg7 54. Re5 Rf4 55. Nc6 Re8 56. e7 Rf6 57. b5 Rd6 58. Rxg5 Rd2 59. Rc5 Rxb2 60.
Rxc4 Rxb5 61. g3 1/2-1/2

[Event "World Blitz 2025"]
[Site "Doha QAT"]
[Date "2025.12.29"]
[Round "1.30"]
[White "Lu, Shanglei"]
[Black "Kobalia, Mikhail"]
[Result "1-0"]
[WhiteTitle "GM"]
[BlackTitle "GM"]
[WhiteElo "2643"]
[BlackElo "2537"]
[WhiteFideId "8603332"]
[BlackFideId "4119150"]
[EventDate "2025.12.29"]

1. e4 e5 2. Nf3 Nc6 3. Bc4 Nf6 4. Ng5 d5 5. exd5 Na5 6. Bb5+ c6 7. dxc6 bxc6 8.
Bd3 Nd5 9. Nf3 Bd6 10. Nc3 Nf4 11. O-O Nxd3 12. cxd3 O-O 13. Re1 Re8 14. Ne4 Bf8
15. b4 Nb7 16. Bb2 f6 17. d4 exd4 18. Nxd4 Bd7 19. Rc1 Rc8 20. h3 Kh8 21. Qb3 c5
22. Qd5 cxd4 23. Qxb7 Rb8 24. Qd5 Rxb4 25. Bxd4 Bf5 26. Qxf5 Rxd4 27. Re3 Bb4
28. Nxf6 g6 29. Rxe8+ Qxe8 30. Qg5 Qd8 31. Qe5 Bd6 32. Qe6 Rxd2 33. Qf7 1-0

[Event "World Blitz 2025"]
[Site "Doha QAT"]
[Date "2025.12.29"]
[Round "1.31"]
[White "Gaehwiler, Gabriel"]
[Black "Van Foreest, Jorden"]
[Result "0-1"]
[WhiteTitle "IM"]
[BlackTitle "GM"]
[WhiteElo "2382"]
[BlackElo "2692"]
[WhiteFideId "1314530"]
[BlackFideId "1039784"]
[EventDate "2025.12.29"]

1. Nf3 g6 2. g3 Bg7 3. d4 Nf6 4. Bg2 O-O 5. O-O d6 6. Re1 Nbd7 7. e4 e5 8. a4 a5
9. Nc3 Re8 10. b3 b6 11. Bb2 Bb7 12. dxe5 Nxe5 13. Nxe5 dxe5 14. Nd5 Nd7 15. Qf3
Bxd5 16. exd5 e4 17. Rxe4 Rxe4 18. Bxg7 Re8 19. Bd4 Qg5 20. h4 Qd2 21. Rd1 Re1+
22. Rxe1 Qxe1+ 23. Kh2 Re8 24. Bc3 Qe2 25. Qf4 Ne5 26. Bh3 h5 27. Kg2 f5 28. d6
cxd6 29. Qg5 Qf3+ 30. Kg1 Qxc3 31. Bg2 Qe1+ 0-1

[Event "World Blitz 2025"]
[Site "Doha QAT"]
[Date "2025.12.29"]
[Round "1.32"]
[White "Mamedyarov, Shakhriyar"]
[Black "Chasin, Nico"]
[Result "0-1"]
[WhiteTitle "GM"]
[BlackTitle "IM"]
[WhiteElo "2730"]
[BlackElo "2517"]
[WhiteFideId "13401319"]
[BlackFideId "30908477"]
[EventDate "2025.12.29"]

1. c4 e6 2. Nc3 d5 3. d4 Nf6 4. Bg5 Be7 5. e3 O-O 6. Rc1 h6 7. Bxf6 Bxf6 8. Nf3
Be7 9. a3 dxc4 10. Bxc4 c5 11. d5 exd5 12. Qxd5 Nc6 13. O-O Be6 14. Qe4 Qc8 15.
Rfd1 Bf6 16. Bd3 g6 17. Qf4 Kg7 18. b4 cxb4 19. axb4 Qb8 20. Ne2 Qxf4 21. Nxf4
Bb3 22. Bc2 Bxc2 23. Rxc2 Rfd8 24. Rb1 Rac8 25. h3 Ne5 26. Nd4 Rxc2 27. Nxc2 Nc4
28. b5 Rd2 29. Nb4 Na3 30. Rc1 Nxb5 31. g3 Nc3 32. Kg2 a5 33. Nbd3 a4 34. Nc5 b5
35. e4 Bd4 36. Nfd3 a3 37. e5 a2 38. e6 Kf8 39. Nb4 Rxf2+ 40. Kh1 Rb2 41. Nxa2
Rxa2 42. Rf1 f5 43. Rf4 Ra1+ 44. Kg2 Bxc5 0-1

[Event "World Blitz 2025"]
[Site "Doha QAT"]
[Date "2025.12.29"]
[Round "1.33"]
[White "Droin, Augustin"]
[Black "Salem, A.R. Saleh"]
[Result "0-1"]
[WhiteTitle "IM"]
[BlackTitle "GM"]
[WhiteElo "2480"]
[BlackElo "2635"]
[WhiteFideId "45105987"]
[BlackFideId "9301348"]
[EventDate "2025.12.29"]

1. e4 c5 2. Nf3 d6 3. d4 cxd4 4. Nxd4 Nf6 5. Nc3 a6 6. Bd3 e6 7. O-O Nbd7 8. Be3
Qc7 9. a4 b6 10. f4 Bb7 11. Re1 Be7 12. Kh1 O-O 13. Qf3 Nc5 14. Bf2 Rfd8 15. Qh3
h6 16. Bh4 Rac8 17. Rad1 Re8 18. Nf3 Nxd3 19. cxd3 Qc5 20. f5 e5 21. g4 Nh7 22.
Bxe7 Rxe7 23. Qg3 f6 24. h4 Qb4 25. Re2 Qb3 26. Rg1 d5 27. g5 d4 28. Nd2 Qxb2
29. Nd1 Qa2 30. gxh6 Rc2 31. Rgg2 Rc1 32. Rg1 Qxa4 33. Ree1 Qd7 34. Rg2 a5 35.
Reg1 Rc7 36. Qf3 Qc8 37. Nc4 Qd8 38. Nxb6 Kh8 39. Nd5 Bxd5 40. exd5 a4 41. Nb2
Ra7 42. Nc4 Qf8 43. d6 Red7 44. Qc6 Qd8 45. hxg7+ Rxg7 46. Rxg7 Rxg7 47. Rxg7
Kxg7 48. Qxa4 Nf8 49. Qa7+ Qd7 50. Qc7 Kg8 51. Nb6 Qxf5 52. Qc4+ Kg7 53. Qc7+
Kh6 54. d7 Qh3+ 55. Kg1 Qg3+ 56. Kf1 Qxd3+ 57. Ke1 Qe3+ 58. Kd1 Qd3+ 59. Kc1
Qe3+ 60. Kb1 Nxd7 61. Nxd7 Qb3+ 62. Kc1 Qe3+ 63. Kb2 d3 64. Qd6 Qf2+ 65. Ka3 Kg7
66. Qe7+ Kg6 67. Nf8+ Kf5 68. Qh7+ Kg4 69. Qxd3 Kxh4 70. Qh7+ Kg3 71. Qg6+ Kh2
72. Nh7 Qf3+ 73. Kb4 f5 74. Ng5 Qg4+ 75. Kc3 e4 76. Kd4 Kg2 77. Ke5 e3 78. Qc6+
Kf2 79. Kf6 e2 80. Qc5+ Kf1 81. Qb5 Kf2 82. Qc5+ Kg2 83. Qd5+ Kf1 84. Qd3 f4 85.
Nf3 Qg3 86. Nd2+ Ke1 87. Qc2 Qe3 88. Ne4 Kf1 89. Nd2+ Kg1 90. Kf5 e1=Q 91. Nc4
Qe6+ 92. Kg5 Qg3+ 0-1

[Event "World Blitz 2025"]
[Site "Doha QAT"]
[Date "2025.12.29"]
[Round "1.34"]
[White "Jobava, Baadur"]
[Black "Samadov, Read"]
[Result "1-0"]
[WhiteTitle "GM"]
[BlackTitle "IM"]
[WhiteElo "2568"]
[BlackElo "2510"]
[WhiteFideId "13601520"]
[BlackFideId "13417444"]
[EventDate "2025.12.29"]

1. c4 e5 2. b3 Nc6 3. Bb2 Nge7 4. e4 g6 5. Nc3 Bg7 6. Nf3 O-O 7. Be2 d6 8. O-O
Nd4 9. d3 c5 10. h3 f5 11. Re1 h6 12. Bf1 g5 13. exf5 Bxf5 14. Nd2 Ng6 15. Nd5
Qd7 16. Ne4 Rae8 17. b4 b6 18. bxc5 bxc5 19. Rb1 g4 20. Bxd4 cxd4 21. hxg4 Bxg4
22. Be2 Bf5 23. Bh5 Rd8 24. g3 Ne7 25. Rb5 Be6 26. Nxe7+ Qxe7 27. Bg4 Bf7 28.
Qb3 Rfe8 29. Rb7 Qf8 30. Rxa7 Kh8 31. Qb4 h5 32. Bh3 Bg6 33. Bg2 h4 34. gxh4 Qf4
35. Qb7 Rg8 36. Qe7 Rdf8 37. Qg5 Bh6 38. Qxf4 Rxf4 39. Kf1 Rxh4 40. Rd7 Bf8 41.
a4 Bf5 42. Rf7 Be6 43. Rf6 Bh3 44. Bxh3 Rxh3 45. Ke2 Rh2 46. a5 Rh7 47. a6 Ra7
48. Nxd6 Be7 49. Re6 Rf8 50. Ne4 Kg7 51. Rb1 Kf7 52. Rxe5 Rxa6 53. Rb7 Re8 54.
c5 Kf8 55. f4 Ra2+ 56. Kf3 Ra3 57. Nf2 Rc3 58. Rc7 Bh4 59. Rxe8+ Kxe8 60. Ng4
Rxd3+ 61. Ke4 Rd1 62. Ne5 Bg3 63. Rg7 Bh4 64. c6 Kd8 65. Rd7+ Kc8 66. Nc4 Re1+
67. Kd5 Re7 68. Nb6+ Kb8 69. c7+ 1-0

[Event "World Blitz 2025"]
[Site "Doha QAT"]
[Date "2025.12.29"]
[Round "1.35"]
[White "Raja, Harshit"]
[Black "Sadhwani, Raunak"]
[Result "0-1"]
[WhiteTitle "GM"]
[BlackTitle "GM"]
[WhiteElo "2472"]
[BlackElo "2638"]
[WhiteFideId "5089000"]
[BlackFideId "35093487"]
[EventDate "2025.12.29"]

1. e4 d6 2. d4 g6 3. Nc3 Bg7 4. Nf3 Nf6 5. Be2 O-O 6. O-O a6 7. Re1 Nc6 8. h3 e6
9. Bf4 b6 10. Qd2 Bb7 11. Rad1 Re8 12. Bg5 Qb8 13. a3 e5 14. dxe5 dxe5 15. Bc4
b5 16. Ba2 Qc8 17. Bh6 Re7 18. Qg5 Bxh6 19. Qxh6 Qf8 20. Qg5 Kg7 21. Nh4 Bc8 22.
Nd5 Nxd5 23. exd5 f6 24. Qe3 Nd8 25. Nf3 Nf7 26. Nd4 Nd6 27. Ne6+ Bxe6 28. dxe6
Rb8 29. f4 exf4 30. Qxf4 a5 31. Rd2 b4 32. Bb3 bxa3 33. bxa3 Rb5 34. Qd4 Qb8 35.
Kh1 Qb6 36. Qh4 Qc5 37. Rf1 Qg5 38. Qxg5 Rxg5 39. Rfd1 Re5 40. Kg1 f5 41. Rd5
R7xe6 42. Rxa5 Rxa5 43. Bxe6 Rxa3 44. Bb3 Kf6 45. Rd5 Ne4 46. Rd7 Ra1+ 0-1

[Event "World Blitz 2025"]
[Site "Doha QAT"]
[Date "2025.12.29"]
[Round "1.36"]
[White "Murzin, Volodar"]
[Black "Sankalp, Gupta"]
[Result "1-0"]
[WhiteTitle "GM"]
[BlackTitle "GM"]
[WhiteElo "2648"]
[BlackElo "2557"]
[WhiteFideId "44155573"]
[BlackFideId "5097010"]
[EventDate "2025.12.29"]

1. e4 e6 2. d3 d5 3. Nd2 Nf6 4. Ngf3 c5 5. g3 Nc6 6. Bg2 h6 7. O-O Be7 8. Re1
O-O 9. c3 b5 10. exd5 exd5 11. Nb3 Bf5 12. Be3 Qb6 13. d4 c4 14. Nc5 Rfe8 15.
Nh4 Bh7 16. Qf3 Ne4 17. Nf5 Bf8 18. Nxe4 Rxe4 19. Qh5 Bg6 20. Qh3 Rae8 21. Bxe4
dxe4 22. d5 Bxf5 23. Qxf5 Ne7 24. Qxe4 Qa6 25. Bc5 1-0

[Event "World Blitz 2025"]
[Site "Doha QAT"]
[Date "2025.12.29"]
[Round "1.37"]
[White "Krallis, Christos"]
[Black "Radjabov, Teimour"]
[Result "1-0"]
[WhiteTitle "IM"]
[BlackTitle "GM"]
[WhiteElo "2416"]
[BlackElo "2692"]
[WhiteFideId "4298896"]
[BlackFideId "13400924"]
[EventDate "2025.12.29"]

1. e4 c6 2. d4 d5 3. Nc3 dxe4 4. Nxe4 Nf6 5. Nxf6+ exf6 6. c3 Bd6 7. Bd3 O-O 8.
Ne2 Re8 9. O-O Qc7 10. Ng3 Nd7 11. f4 Nf8 12. f5 c5 13. Nh5 cxd4 14. Bh6 gxh6
15. Nxf6+ Kh8 16. Nxe8 Bxh2+ 17. Kh1 Qe5 18. Qh5 Qxe8 19. Rae1 Qd8 20. Qxh2 Qf6
21. Re8 dxc3 22. Qg3 Qg7 23. Qxg7+ Kxg7 24. f6+ Kg8 25. bxc3 b6 26. Be4 Ba6 27.
Rxa8 Bxf1 28. Rxa7 Bc4 29. a4 Be6 30. Rb7 Nd7 31. Bc6 Nxf6 32. Rxb6 Kf8 33. a5
Ke7 34. a6 Nd5 35. Bxd5 Bxd5 36. a7 1-0

[Event "World Blitz 2025"]
[Site "Doha QAT"]
[Date "2025.12.29"]
[Round "1.38"]
[White "Svane, Rasmus"]
[Black "Morris, James"]
[Result "1-0"]
[WhiteTitle "GM"]
[BlackTitle "IM"]
[WhiteElo "2608"]
[BlackElo "2422"]
[WhiteFideId "4657101"]
[BlackFideId "3205800"]
[EventDate "2025.12.29"]

1. Nf3 d5 2. d4 e6 3. c4 Nf6 4. g3 Bb4+ 5. Bd2 Be7 6. Bg2 c6 7. Qc2 O-O 8. O-O
Nbd7 9. Bf4 Nh5 10. Bc1 Nhf6 11. Rd1 b6 12. b3 a5 13. Bb2 Ba6 14. Nbd2 Rc8 15.
e4 c5 16. exd5 exd5 17. Rac1 Re8 18. Qb1 Bf8 19. cxd5 Nxd5 20. Ne4 c4 21. bxc4
Rxc4 22. Rxc4 Bxc4 23. Ne5 Nxe5 24. dxe5 b5 25. Nd6 Bxd6 26. Bxd5 Bc5 27. Bxc4
Qb6 28. Bd5 Bxf2+ 29. Kg2 Bc5 30. Qf5 Qg6 31. Qxg6 hxg6 32. Rc1 Bf8 33. Rc7 Re7
34. Rc8 Rd7 35. e6 1-0

[Event "World Blitz 2025"]
[Site "Doha QAT"]
[Date "2025.12.29"]
[Round "1.39"]
[White "Balakrishnan, Praveen"]
[Black "Robson, Ray"]
[Result "0-1"]
[WhiteTitle "GM"]
[BlackTitle "GM"]
[WhiteElo "2507"]
[BlackElo "2650"]
[WhiteFideId "2064871"]
[BlackFideId "2023970"]
[EventDate "2025.12.29"]

1. e4 e5 2. Nf3 Nc6 3. Bb5 Nf6 4. O-O Nxe4 5. Re1 Nd6 6. Nxe5 Be7 7. Bf1 Nxe5 8.
Rxe5 O-O 9. d4 Bf6 10. Re1 Nf5 11. c3 d5 12. Nd2 Re8 13. Nf3 Rxe1 14. Qxe1 Nh4
15. Nxh4 Bxh4 16. Bd3 Be6 17. Bf4 Bg5 18. Qe3 Bxf4 19. Qxf4 Qd6 20. Qxd6 cxd6
21. f4 g6 22. Kf2 Kg7 23. a4 a5 24. Re1 Kf6 25. g3 h5 26. h4 Bd7 27. Bc2 b5 28.
axb5 Bxb5 29. Bb3 Bc6 30. Re2 a4 31. Bc2 a3 32. bxa3 Rxa3 33. Re3 Ra2 34. Re2
Ra3 35. Re3 Bb5 36. Ke1 Ra2 37. Kd1 Ra1+ 38. Kd2 Rg1 39. Bb3 Rg2+ 40. Kc1 Bc4
41. Bc2 Be2 42. Bb3 Rg1+ 43. Kd2 Bc4 44. Bc2 Rf1 45. Bd3 Rf2+ 46. Ke1 Ra2 47.
Bxc4 dxc4 48. Kf1 Rc2 49. Ke1 Kf5 50. Kf1 Kg4 51. Kg1 Kh3 52. Kf1 0-1

[Event "World Blitz 2025"]
[Site "Doha QAT"]
[Date "2025.12.29"]
[Round "1.40"]
[White "Sindarov, Javokhir"]
[Black "Iniyan, Pa"]
[Result "1-0"]
[WhiteTitle "GM"]
[BlackTitle "GM"]
[WhiteElo "2726"]
[BlackElo "2598"]
[WhiteFideId "14205483"]
[BlackFideId "25002767"]
[EventDate "2025.12.29"]

1. e4 c5 2. Nc3 a6 3. g3 b5 4. Bg2 Bb7 5. Nge2 g6 6. d4 cxd4 7. Nxd4 Bg7 8. O-O
Nc6 9. Nxc6 Bxc6 10. Re1 h5 11. Nd5 h4 12. c3 e6 13. Be3 Rb8 14. Ba7 Rb7 15. Bd4
f6 16. Nb4 Ne7 17. Nxa6 Kf7 18. Nb4 Qc7 19. Bc5 Nc8 20. Nxc6 dxc6 21. e5 f5 22.
a4 bxa4 23. Rxa4 Rxb2 24. Rd4 Qa5 25. Bb4 Qa2 26. Bc5 hxg3 27. hxg3 Re8 1-0

[Event "World Blitz 2025"]
[Site "Doha QAT"]
[Date "2025.12.29"]
[Round "1.41"]
[White "Gan-Erdene, Sugar"]
[Black "Harikrishna, Pentala"]
[Result "0-1"]
[WhiteTitle "IM"]
[BlackTitle "GM"]
[WhiteElo "2444"]
[BlackElo "2693"]
[WhiteFideId "4902980"]
[BlackFideId "5007003"]
[EventDate "2025.12.29"]

1. d4 Nf6 2. c4 e6 3. g3 c5 4. Nf3 cxd4 5. Nxd4 a6 6. Bg2 Qc7 7. Nd2 Nc6 8. N2b3
Be7 9. O-O O-O 10. c5 Rd8 11. Be3 Ng4 12. Bd2 Bf6 13. Nxc6 dxc6 14. Qc2 Qe7 15.
h3 Ne5 16. Ba5 Re8 17. e4 Nd7 18. f4 e5 19. Rad1 h5 20. Bc7 h4 21. Bd6 Qd8 22.
Qc4 b5 23. cxb6 Qxb6+ 24. Kh1 hxg3 25. fxe5 Nxe5 26. Qc3 Ng4 27. Qxg3 Be5 28.
Bxe5 Nxe5 29. Rf2 Be6 30. Rdf1 Bc4 31. Rc1 Bxb3 32. axb3 Nd3 33. Qxd3 Qxf2 34.
Rf1 Rad8 35. Qc4 Qh4 36. Qxf7+ Kh8 37. Qg6 Qh6 38. Qg3 Rf8 39. Rxf8+ Rxf8 40. e5
Qc1+ 41. Kh2 Qf4 42. Bxc6 a5 43. Bg2 g5 44. e6 Kg7 45. e7 Re8 46. Qxf4 gxf4 47.
Kg1 Rxe7 48. Kf2 Re3 49. Bd5 Rxh3 50. Kg2 Re3 51. Kf2 Kf6 52. Bc4 Ke5 53. Bg8
Rh3 54. Bf7 Rh2+ 0-1

[Event "World Blitz 2025"]
[Site "Doha QAT"]
[Date "2025.12.29"]
[Round "1.42"]
[White "Ivanchuk, Vasyl"]
[Black "Murshed, Niaz"]
[Result "1-0"]
[WhiteTitle "GM"]
[BlackTitle "GM"]
[WhiteElo "2607"]
[BlackElo "2341"]
[WhiteFideId "14100010"]
[BlackFideId "10200010"]
[EventDate "2025.12.29"]

1. d4 Nf6 2. c4 e6 3. Nc3 Bb4 4. Qc2 d5 5. cxd5 exd5 6. Bg5 h6 7. Bh4 Nbd7 8. e3
O-O 9. Bd3 c5 10. Ne2 c4 11. Bh7+ Kh8 12. Bf5 Be7 13. O-O Nb6 14. f3 Bxf5 15.
Qxf5 Qc8 16. Qc2 Re8 17. Bf2 Qd7 18. h3 Bd6 19. e4 dxe4 20. fxe4 Bc7 21. Bh4 Nh7
22. Rf5 Nf8 23. Raf1 Kg8 24. Rxf7 Qxf7 25. Rxf7 Kxf7 26. e5 Kg8 27. Qe4 Ne6 28.
Qxb7 Rab8 29. Qc6 1-0

[Event "World Blitz 2025"]
[Site "Doha QAT"]
[Date "2025.12.29"]
[Round "1.43"]
[White "Chanda, Sandipan"]
[Black "Iturrizaga Bonelli, Eduardo"]
[Result "0-1"]
[WhiteTitle "GM"]
[BlackTitle "GM"]
[WhiteElo "2490"]
[BlackElo "2592"]
[WhiteFideId "5004225"]
[BlackFideId "3901211"]
[EventDate "2025.12.29"]

1. d4 Nf6 2. Nf3 b6 3. Bf4 Bb7 4. e3 d6 5. h3 Nbd7 6. Be2 g6 7. c4 Bg7 8. Nc3
O-O 9. Qc2 e6 10. O-O Re8 11. Bh2 h6 12. Rad1 Nh7 13. Rfe1 a6 14. e4 Qe7 15. Bf1
Rad8 16. Re3 Qf8 17. b4 Rc8 18. a3 Red8 19. Red3 Qe7 20. Qd2 Ndf8 21. Qe3 Qe8
22. d5 e5 23. c5 Rb8 24. cxb6 cxb6 25. Qxb6 Nf6 26. Qe3 Rdc8 27. Nd2 Nh5 28. Be2
Nf4 29. Bxf4 exf4 30. Qf3 Nd7 31. Ndb1 Ne5 32. Qxf4 Nxd3 33. Rxd3 Qe7 34. Qe3
Rc7 35. f4 Rbc8 36. Kh2 Rc4 37. Bf3 h5 38. e5 Rxf4 39. exd6 0-1

[Event "World Blitz 2025"]
[Site "Doha QAT"]
[Date "2025.12.29"]
[Round "1.44"]
[White "Moussard, Jules"]
[Black "Klukin, Kirill"]
[Result "1-0"]
[WhiteTitle "GM"]
[BlackTitle "IM"]
[WhiteElo "2600"]
[BlackElo "2414"]
[WhiteFideId "642908"]
[BlackFideId "24199273"]
[EventDate "2025.12.29"]

1. Nf3 d5 2. b3 Nf6 3. Bb2 e6 4. c4 Bd6 5. g3 O-O 6. Bg2 Nc6 7. d4 dxc4 8. bxc4
e5 9. dxe5 Bb4+ 10. Nfd2 Ng4 11. O-O Ngxe5 12. Nc3 Na5 13. Nd5 Bxd2 14. Bxe5
Nxc4 15. Bxc7 Qg5 16. Qb3 Nb6 17. h4 Qh6 18. Rfd1 Be6 19. e4 Nxd5 20. exd5 Bg4
21. Bf3 Bxf3 22. Qxf3 Rac8 23. d6 Bb4 24. Qxb7 Bc5 25. d7 Qg6 26. dxc8=Q 1-0